| 000 | 00465nam a22001817a 4500 | ||
|---|---|---|---|
| 999 |
_c195553 _d195553 |
||
| 005 | 20230403142522.0 | ||
| 010 | _aENG-136585 | ||
| 020 |
_a9789390380466 _c100.00 |
||
| 035 | _aEN-120117 | ||
| 037 | _bDBAD/PUB | ||
| 082 | _aS | ||
| 100 | _aFatma,Sadaf | ||
| 245 |
_aWorld through the veil;unveiling the veil of mind / _cby Sadaf Fatma |
||
| 250 | _a1st ed. | ||
| 260 |
_aBluerose Publisher _c2020 |
||
| 300 |
_a57p.; _c21cm(pbk) |
||
| 942 |
_2ddc _cEN _hS _mFAT |
||